000 00597nam a22001817a 4500
005 20251108164030.0
008 250721s1997 xx 000 0 ara d
082 1 4 _a216,5/محم
100 1 _aإمام، محمد كمال
245 1 0 _aالطلاق عند المسلمين :
_bدراسة فقهية وقانونية /
264 1 _aالإسكندرية :
_bدار المطبوعات الجامعية،
_c1997.
300 _a278ص
650 1 7 _aقانون الأحوال الشخصية
650 1 7 _aالفقه الإسلامي
650 1 7 _aالطلاق
942 _2ddc
_cBK
999 _c1881
_d1881